000 00597cam a2200157 4500
020 _a0836954580
082 0 0 _a355.00973
_bHIS
_cD
100 1 _aBoynton, Edward C.
_949498
245 1 0 _aHistory of West Point,
_band its military importance during the American Revolution: and the origin and progress of the United States Military Academy.
260 _aFreeport, N.Y.,
_bBooks for Libraries Press
_c[1970]
300 _axviii, 408 p.
_billus., maps (part fold.)
_c23 cm.
500 _aReprint of the 1863 ed.
526 _a0
_b0
_c0
_d355_009730000000000_HIS
650 _aMCE
_9379
942 _2ddc
_cBK
999 _c552277
_d552277